| 000 | 00475nam a22001697a 4500 | ||
|---|---|---|---|
| 999 |
_c41055 _d41055 |
||
| 003 | OSt | ||
| 005 | 20231211121056.0 | ||
| 008 | 210303b ||||| |||| 00| 0 eng d | ||
| 020 | _a9788182676411 | ||
| 040 | _coclc | ||
| 082 |
_a954.8 _bPIL/R |
||
| 100 |
_aPillai, Manu S _93242 |
||
| 245 |
_aRebel Sulthanmar / _cManu S Pillai |
||
| 260 |
_aKozhikode: _bMathrubhumi Books, _c2018. |
||
| 300 | _a344p | ||
| 942 |
_2ddc _cBK _h954.8 _iPIL/R _k954.8 _mPIL/R |
||